Antología : 30 años del golpe /
Saved in:
| Format: | Book |
|---|---|
| Published: |
Buenos Aires :
Central de los Trabajadores Argentinos,
c2006.
|
| Edition: | 1a ed. |
| LEADER | 00368nam a22001217a 4500 | ||
|---|---|---|---|
| 003 | AR-BeUNQ | ||
| 005 | 20190821151113.0 | ||
| 999 | |c 31850 |d 115650 | ||
| 245 | |a Antología : |b 30 años del golpe / | ||
| 250 | |a 1a ed. | ||
| 260 | |a Buenos Aires : |b Central de los Trabajadores Argentinos, |c c2006. | ||
| 929 | |a DONACION |b Siro Rodríguez |d 260,00 |e 20190712 |f PAT0073498 |g 3509 |h 1 |o PR | ||
| 942 | |c LIB |n 1 | ||